000 00342nam a22001577a 4500
003 macl
005 20201003125636.0
008 201003b xxu||||| |||| 00| 0 eng d
040 _cmacl
082 _a824
100 _aSC Gupta
_917301
245 _a151 Essays
260 _aArihant
_bIndia
650 _aEssays
_979910
942 _2ddc
_cBK
999 _c63452
_d63452